Memoria

Guardado en:
書目詳細資料
格式: Texto
出版: San Salvador: FUNDADEM
標簽: 添加標簽
沒有標簽, 成為第一個標記此記錄!

MARC

LEADER 00000 a a2200000 04500
001 31050
003
040
090 |a 197200  |b   
245 |a Memoria  
260 |a San Salvador:   |b FUNDADEM  
300 |a 48 p.  
999 |c 10593  |d 10593